000 01112cam a2200349Mu 4500
001 96164
005 20230410130818.0
008 090323r19741996fr b 001 m fre d
035 _a(OCoLC)ocn602207733
040 _aSzZUIDS
_bger
_cCHVBK
020 _a2070317927
020 _a9782070317929
029 1 _aCHVBK
_b020448805
029 1 _aDEBBG
_bBV035723569
035 _a(OCoLC)602207733
050 1 4 _aPQ 2643
_bV166j 1974
049 _aGRAL
100 1 _aValery, Paul,
_d1871-1945.
245 1 3 _aLa jeune parque :
_bL'Ange ; Agathe ; Histoires brisées /
_cPaul Valéry ; préface et commentaire de Jean Levaillant.
260 _aParis, France :
_bEditions Gallimard,
_c1974.
300 _a187 p. ;
_c18 cm.
440 0 _aCollection Poésie ;
_v102
504 _aInclude bibliographie referent (p.187-[188]) et index
650 0 _aValéry, Paul,
_d1871-1945
_xPoémes en Prose
650 0 _aManuscripts, French
_zFrance
_xFacsimiles
650 4 _aCES
650 4 _aColección Enriquillo Sánchez
700 1 _aLevaillant, Jean
942 _2lcc
_cbk
946 _amjcruz
994 _aC0
_bDRFGD
999 _c80831
_d80831